000 00616nam a2200133Ia 4500
008 170419s9999 xx 000 0 und d
100 _aKip, Kevin E.
245 _aEvaluation of brief treatment of symptoms of psychological trauma among veterans residing in a homeless shelter by use of accelerated resolution therapy
245 _cKevin E. Kip, Rita F. D'Aoust, Diego F. Hernandez, Sue Ann Girling, Barrett Cuttino, Mary Kathryn Long, Paolo Rojas, Trudy Wittenberg, Alisha Abhayakumar, Laney Rosenzweig
260 _bElsevier
260 _c2016
300 _aSeptember/November
440 _aNursing Outlook
_v64:5
999 _c329474
_d329474